000
00352 a2200121 4500
000
nam a22 7a 4500
100
_a
Shastri, Gyanprakash
110
_a
Shastri, Gyanprakash
245
_a
निरुक्त-भाष्य: Nirukta Bhashya vol 2
260
_b
Parimal Publication
_c
2025
264
_b
Parimal Publication
_c
2025
942
_c
BK
999
_c
395890
_d
395890